CBSE OSWAAL ( SOCIAL SCIENCE)-10 (Record no. 12099)
[ view plain ]
| 000 -LEADER | |
|---|---|
| fixed length control field | 00254nam a22000977a 4500 |
| 008 - FIXED-LENGTH DATA ELEMENTS--GENERAL INFORMATION | |
| fixed length control field | 221031b |||||||| |||| 00| 0 eng d |
| 020 ## - INTERNATIONAL STANDARD BOOK NUMBER | |
| International Standard Book Number | 9789355951328 |
| 100 ## - MAIN ENTRY--PERSONAL NAME | |
| Personal name | Oswaal |
| 9 (RLIN) | 7599 |
| 245 ## - TITLE STATEMENT | |
| Title | CBSE OSWAAL ( SOCIAL SCIENCE)-10 |
| 260 ## - PUBLICATION, DISTRIBUTION, ETC. (IMPRINT) | |
| Place of publication, distribution, etc. | UP |
| Name of publisher, distributor, etc. | Oswaal |
| Date of publication, distribution, etc. | 2022-2023 |
| Withdrawn status | Lost status | Source of classification or shelving scheme | Damaged status | Not for loan | Home library | Current library | Date acquired | Total Checkouts | Barcode | Checked out | Date last seen | Price effective from | Koha item type |
|---|---|---|---|---|---|---|---|---|---|---|---|---|---|
| Dewey Decimal Classification | Good Samaritan School Library | Good Samaritan School Library | 10/31/2022 | OSW300 | 10/31/2022 | 10/31/2022 | BOOK |